Language myths

Αποθηκεύτηκε σε:
Λεπτομέρειες βιβλιογραφικής εγγραφής
Άλλοι συγγραφείς: Trudgill, Peter (Επιμελητής έκδοσης), Bauer, Laurie, 1949- (Επιμελητής έκδοσης)
Μορφή: Βιβλίο
Γλώσσα:English
Δημοσίευση: London : Penguin Books, 1998
Θέματα:
Ετικέτες: Προσθήκη ετικέτας
Δεν υπάρχουν, Καταχωρήστε ετικέτα πρώτοι!

MARC

LEADER 00000cam a2200000 i 4500
001 1/4142
008 100203s1998 eng d
020 |a 978-0-14-026023-6 
035 |l 10106629 
040 |a GR-MY-UA  |b gre  |e aacr 
041 0 |a eng 
082 0 |a 400  |2 (22) 
245 1 0 |a Language myths /  |c edited by Laurie Bauer and Peter Trudgill 
260 |a London :   |b Penguin Books,   |c 1998 
300 |a xviii, 188 σ.;  |b εικ., διαγρ., χάρτες;  |c 20 εκ. 
504 |a Περιέχει βιβλιογραφικές παραπομπές και ευρετήριο 
650 0 0 |a Language and languages. 
700 1 |a Trudgill, Peter.  |4 edt 
700 1 |4 edt  |a Bauer, Laurie,   |d 1949- 
852 |a INST  |b LESVOS  |e 20100203  |h 400 LAN  |p 005100045797  |q 005100045797  |t BK  |y 0 
901 |a BIBL1-2010-1 
909 |a Λ  |b 161744 
970 |a ΓΙΑΛΑΜΑ  |b ΜΑΡΙΑ  |z 2010/02/03